000 01433cam a2200325 4500
001 M2151
008 090401t1996 xxu||||| |||| 00| 0 eng d
035 _a(Sirsi) u36759
041 _aeng
050 _a711.14
_c18
110 _aValuation Office Agency
_93141
245 _aRyde's scale (1996)
_bsurveyors' fees for compulsory purchase work
260 _aLondon
_bVOA
_c1996
300 _a32p.
_c21cm.
505 _aScale for non-agricultural property
505 _aAddition for leasehold interests
505 _aScale for agricultural property
505 _aScale for disturbance and for severance and injurious action (excluding agricultural property and properties occupied solely as private dwellings)
505 _aScale for disturbance and for severance and injurious action in relation to agricultural property and for compensation payable in wayleave, pipeline, sewerage and similar cases
505 _aScale for disturnance and for severance and injurious affection in relation to properties occupied solely as private dwellings
520 _aWithdrawn 18 July 2002. Supersedes 1991 edition (J249).
650 _aCOMPENSATION
650 _aCompulsory purchase
_96228
650 _aFEE SCALES
650 _aPROFESSIONAL FEES
650 _aRYDE'S SCALE
690 _aENVIRONMENTAL AND LAND CONSULTANCY-PLANNING AND DEVELOPMENT-COMPULSORY PURCHASE AND COMPENSATION
942 _n0
948 _c04/03/1997
999 _c90380
_d90380